Paris kaalaavastha udambadi lakshyam kaanumo? (Record no. 64603)

MARC details
000 -LEADER
fixed length control field 00302nam a2200121Ia 4500
100 ## - MAIN ENTRY--AUTHOR NAME
Personal name Jose Joseph
245 #0 - TITLE STATEMENT
Title Paris kaalaavastha udambadi lakshyam kaanumo?
260 ## - PUBLICATION, DISTRIBUTION, ETC. (IMPRINT)
Name of publisher Karshakan
Year of publication 2016
300 ## - PHYSICAL DESCRIPTION
Number of Pages 36-41
650 ## - SUBJECT ADDED ENTRY--TOPICAL TERM
Topical Term Climate change
942 ## - ADDED ENTRY ELEMENTS (KOHA)
Koha item type Journals
Holdings
Withdrawn status Lost status Damaged status Not for loan Home library Current library Shelving location Date acquired Serial Enumeration / chronology Koha item type
      Journals RRII Library RRII Library Climate change 01/01/2021 Volume 24, Issue 1 Journals